000 06101cam a22019454i 4500
003 PE-LiUPU
005 20250813165736.0
008 150706s2001 pe a rb 000 0 spa d
035 _a(Sirsi) a47167
040 _aPE-LiUPU
_bspa
_cPE-LiUPU
_dPE-LiUPU
_erda
049 _aPRUA
082 0 4 _a664.6
_bA45
_221
100 1 _aAlvarado-Ortiz Ureta, Carlos,
_eautor.
245 1 0 _aRepasando bioquímica y nutricion /
_cCalos Alvardo-Ortiz Ureta y Teresa Blanco Blasco.
264 1 _aLima :
_bUniversidad Particular San Martín de Porras,
_c2001.
300 _a312 páginas :
_bilustraciones ;
_c30 centímetros
336 _atext
_2rdacontent
337 _aunmediated
_2rdamedia
338 _avolume
_2rdacarrier
504 _aIncluye referencias bibliografícas.
505 0 _a- Membranas y transporte -- Aminoácidos y proteínas -- Enzimología -- Bioenergética -- Carbohidratos -- Glicólisis -- Ciclo de krebs -- Metabolismo del glucógeno -- Otras vías de carbohidratos -- Metabolismo de azucares de interés médico -- Lípidos -- digestión y absorción de grasas -- Biosíntesis de ácidos grasos -- Metabolismo de ácidos grasos -- Colesterol -- Fosfolípidos -- Lipoproteínas -- Metabolismo de ácidos nucleicos -- ADN estructura y replicaciones -- ARN estructuras -- Código genético -- Enfermedades genéticas -- Metabolismo de proteínas y aminoácidos -- Radicales libres -- Hormonas: estructura y función -- Síntesis y degradación de porfirianas -- Nutrición -- Alimentos ricos en carbohidratos -- Alimentos ricos en grasa -- Alimentos ricos en proteínas -- Vitaminas hidrosolubles -- Vitaminas liposolubles A,D,E y K -- Minerales -- Flavos -- Biotecnología -- Calorías -- Proteínas de la dieta -- Nutrición y la interrelación metabólica -- Necesidades energéticas y proteicas -- Obesidad -- omega 3 y omega 6 -- Nutrición en el antiguo Perú -- Perú y nutrición actual.
526 _aP203
526 _aP200
526 _aSEG65
526 _aSEG64
526 _aSEG63
526 _aSEG62
526 _aSEG61
526 _aSEG60
526 _aSEG59
526 _aSEG58
526 _aSEG57
526 _aSEG56
526 _aSEG55
526 _aSEG54
526 _aSEG53
526 _aSEG52
526 _aSEG51
526 _aSEG50
526 _aSEG49
526 _aSEG48
526 _aSEG47
526 _aSEG46
526 _aSEG24
526 _aSEG23
526 _aSEG22
526 _aSEG21
526 _aSEG20
526 _aSEG19
526 _aSEG18
526 _aSEG17
526 _aSEG16
526 _aSEG14
526 _aSEG13
526 _aSEG12
526 _aSEG11
526 _aSEG10
526 _aSEG09
526 _aSEG06
526 _aSEG05
526 _aSEG04
526 _aSEG03
526 _aSEG02
526 _aSEG68
526 _aSEG66
526 _aSEG45
526 _aSEG25
526 _aSEG01
526 _aP163
526 _aP162
526 _aP161
526 _aP160
526 _aP159
526 _aP158
526 _aP157
526 _aP156
526 _aP155
526 _aP154
526 _aP153
526 _aP152
526 _aP151
526 _aP150
526 _aP149
526 _aP142
526 _aP141
526 _aP140
526 _aP139
526 _aP138
526 _aP137
526 _aP132
526 _aP131
526 _aP130
526 _aP126
526 _aP125
526 _aP124
526 _aP123
526 _aP115
526 _aP122
526 _aP121
526 _aP116
526 _a P114
526 _aP112
526 _aP111
526 _aP104
526 _aP103
526 _aP102
526 _aP101
526 _aP100
526 _aP96
526 _aP95
526 _aP93
526 _aP92
526 _aP91
526 _aP88
526 _aP83
526 _aP82
526 _aP79
526 _aP78
526 _aP75
526 _aP74
526 _aP71
526 _aP69
526 _a P51
526 _aP49
526 _aP48
526 _aP47
526 _aP33
526 _aP31
526 _a P30
526 _aP29
526 _aP27
526 _aP26
526 _aP25
526 _aP24
526 _a P22
526 _aP10
526 _aP09
526 _a P08
526 _aP06
526 _aP05
526 _aP04
526 _aP01
541 _g015-0010422;
650 0 4 _aAlimentos
_xComposición.
650 0 4 _aAlimentos
_xBiotecnología.
650 0 4 _aBromatología.
650 0 4 _aAlimentos
_xConservación.
650 0 4 _aAlimentos
_zPerú.
650 0 4 _aFood
_xComposition.
650 0 4 _aFood
_xBiotechnology.
650 0 4 _aBromatology.
650 0 4 _aFood
_xConservation.
650 0 4 _aFood
_zPerú.
700 1 _aBlanco Blasco, Teresa,
_eautor.
910 _bng
_cng
_d20090602
942 _2ddc
_cBOOK
949 _a664.6 A45
_wDEWEY
_c1
_i59744
_lCCODEBUL1
_mBUL
_p09.00
_r0
_sY
_tLIBRO
_u2015-07-06
_xSALUD
_PP22
_o.STAFF. Colección Ciencias de la Salud
949 _a664.6 A45
_wDEWEY
_c2
_i59745
_lCCODEBUL1
_mBUL
_p09.00
_r0
_sY
_tLIBRO
_u2015-07-06
_xSALUD
_PP22
_o.STAFF. Colección Ciencias de la Salud
949 _a664.6 A45
_wDEWEY
_c3
_i59746
_lCCODEBUL1
_mBUL
_p09.00
_r0
_sY
_tLIBRO
_u2015-07-06
_xSALUD
_PP22
_o.STAFF. Colección Ciencias de la Salud
994 _aC0
_bPEPRU
596 _a1
999 _a664.6 A45
_wDEWEY
_c49281
_i59744
_d49281
_e2018-8-13
_f2019-12-11
_g6
_lDISCARD
_mBUL
_n2
_p9.00
_r1
_sY
_tBOOK
_u2015-7-6
_xINGENIERIA
_PP22
_0COMPRA
_o.STAFF. Colección General
999 _a664.6 A45
_wDEWEY
_c2
_i59745
_d2018-11-4
_e2018-10-30
_f2021-11-4
_g4
_lCCODEBUL1
_mBUL
_n5
_p9.00
_q4
_r0
_sY
_tBOOK
_u2015-7-6
_xSALUD
_zP22
_0COMPRA
_o.STAFF. Colección Ciencias de la Salud
999 _a664.6 A45
_wDEWEY
_c3
_i59746
_d2019-3-24
_e2019-3-24
_f2019-12-11
_g6
_lDISCARD
_mBUL
_n8
_p9.00
_q1
_r1
_sY
_tBOOK
_u2015-7-6
_xINGENIERIA
_PP22
_0COMPRA
_o.STAFF. Colección General
980 _81
_gALBERTO SANCHEZ Responsable de Automatización